Helsingin kaupunginosien osa-alueet - Statistics

General Stats
  • This quiz has been taken 509 times
  • The average score is 40 of 176
Answer Stats
Hint Answer % Correct
04 Kamppi
82%
13 Etu-Töölö
78%
17 Pasila
77%
14 Taka-Töölö
77%
54 Vuosaari
73%
06 Eira
72%
11 Kallio
72%
05 Punavuori
69%
20 Jätkäsaari
68%
38 Malmi
68%
10 Sörnäinen
66%
31 Lauttasaari
65%
10 Kalasatama
64%
43 Herttoniemi
62%
28 Oulunkylä
58%
45 Itäkeskus
56%
47 Kontula
56%
30 Munkkiniemi
56%
07 Ullanlinna
56%
29 Haaga
55%
20 Ruoholahti
55%
25 Käpylä
54%
30 Munkkivuori
54%
47 Mellunmäki
51%
15 Meilahti
50%
36 Viikki
50%
42 Kulosaari
49%
52 Suomenlinna
49%
22 Vallila
49%
08 Katajanokka
48%
49 Laajasalo
46%
02 Kluuvi
44%
29 Pohjois-Haaga
44%
46 Pitäjänmäki
43%
45 Myllypuro
42%
29 Etelä-Haaga
41%
01 Kruununhaka
41%
37 Pukinmäki
41%
12 Alppila
39%
41 Puistola
39%
23 Arabianranta
38%
51 Santahamina
38%
45 Puotila
37%
33 Kannelmäki
36%
34 Pakila
35%
09 Kaivopuisto
34%
39 Tapanila
34%
32 Konala
33%
54 Rastila
32%
43 Roihuvuori
32%
24 Kumpula
31%
33 Malminkartano
31%
47 Mellunkylä
31%
16 Ruskeasuo
31%
28 Maunula
30%
03 Kaartinkaupunki
28%
16 Pikku Huopalahti
28%
17 Itä-Pasila
27%
26 Koskela
26%
35 Paloheinä
26%
21 Hermanni
25%
17 Länsi-Pasila
24%
20 Hernesaari
23%
30 Lehtisaari
23%
45 Vartiokylä
23%
41 Jakomäki
22%
30 Kuusisaari
22%
12 Alppiharju
21%
34 Itä-Pakila
21%
34 Länsi-Pakila
21%
47 Kivikko
20%
31 Koivusaari
20%
45 Marjaniemi
20%
38 Ala-Malmi
19%
49 Jollas
19%
23 Toukola
19%
54 Aurinkolahti
18%
40 Suutarila
18%
44 Tammisalo
18%
40 Tapulikaupunki
18%
29 Lassila
17%
38 Ylä-Malmi
17%
49 Kruunuvuorenranta
16%
38 Pihlajamäki
16%
45 Roihupelto
16%
27 Vanhakaupunki
16%
38 Pihlajisto
15%
46 Tali
15%
58 Karhusaari
14%
20 Länsisatama
14%
54 Meri-Rastila
14%
28 Metsälä
14%
28 Pirkkola
14%
39 Tapaninvainio
14%
18 Laakso
13%
17 Pohjois-Pasila
13%
10 Sompasaari
13%
47 Vesala
13%
55 Östersundom
12%
12 Harju
11%
43 Herttoniemenranta
11%
33 Kaarela
11%
36 Latokartano
11%
11 Linjat
11%
33 Maununneva
11%
40 Siltamäki
11%
39 Tapaninkylä
11%
41 Alppikylä
10%
45 Puotinharju
10%
35 Torpparinmäki
10%
35 Tuomarinkylä
10%
11 Siltasaari
9%
41 Suurmetsä
9%
53 Ulkosaaret
9%
45 Vartioharju
9%
48 Vartiosaari
9%
31 Vattuniemi
9%
36 Viikinmäki
9%
28 Patola
8%
57 Talosaari
8%
17 Keski-Pasila
7%
50 Villinki
7%
49 Yliskylä
7%
41 Heikinlaakso
6%
54 Kallahti
6%
47 Kurkimäki
6%
43 Länsi-Herttoniemi
6%
19 Mustikkamaa-Korkeasaari
6%
46 Pajamäki
6%
54 Uutela
6%
54 Keski-Vuosaari
5%
33 Kuninkaantammi
5%
20 Lapinlahti
5%
30 Niemenmäki
5%
41 Tattarisuo
5%
11 Torkkelinmäki
5%
28 Veräjälaakso
5%
28 Veräjämäki
5%
36 Viikinranta
5%
35 Haltiala
4%
10 Hanasaari
4%
49 Hevossalmi
4%
59 Landbo
4%
40 Töyrynummi
4%
- Aluemeri
3%
33 Hakuninmaa
3%
29 Kivihaka
3%
46 Reimarla
3%
56 Salmenkallio
3%
38 Tattariharju
3%
59 Ultuna
3%
54 Mustavuori
2%
31 Myllykallio
2%
49 Tullisaari
2%
36 Viikin tiedepuisto
2%
43 Herttoniemen yritysalue
1%
53 Itäsaaret
1%
31 Kotkavuori
1%
21 Kyläsaari
1%
53 Länsisaaret
1%
38 Malmin lentokenttä
1%
46 Marttila
1%
54 Niinisaari
1%
54 Nordsjön kartano
1%
30 Talinranta
1%
30 Vanha Munkkiniemi
1%
16 Vanha Ruskeasuo
1%
10 Vilhonvuori
1%
21 Hermanninmäki
0%
21 Hermanninranta
0%
33 Honkasuo
0%
28 Maunulanpuisto
0%
46 Pitäjänmäen yritysalue
0%
59 Puroniitty
0%
35 Tuomarinkartano
0%
No matching quizzes found
Score Distribution
Percent of People with Each Score
Percentile by Number Answered
Your Score History
You have not taken this quiz